000 01104nam a22003377a 4500
003 CHAP
005 20220817042427.0
008 971013s1973 r 00010 d
010 _a44369
011 _a45341
035 _a49480
040 _cCHAP
082 _a338.1771
_bF36
110 _aFAO
245 _aPago de la leche segĂșn la calidad
260 _aRoma :
_bFAO,
_c1973
300 _a98 p.
490 _aFAO. Estudios agropecuarios
_v; 89
590 _aBATCH-UPD
_b10
_c20130110
_lUCH01
_h2058
590 _aCONVERSION
_b10
_c20130109
_lUCH01
_h1324
650 1 4 _aLeche
_xCalidad.
_965362
650 1 4 _aLeche
_xPrecios.
_965398
830 0 _aFAO. Estudios agropecuarios
_v; 89
_939546
901 _aBK
942 _cLIBRO
949 _a338.1771 F36
_bBC
_cFAO
_d-111607
_eFAO1
_h28826
_i49480
_mD
_si
949 _a338.1771 F36
_bBC
_cFAO
_d-111611
_eFAO2
_fc.2
_h29495
_i49480
_si
949 _a338.1771 F36
_bBC
_cFAO
_d-111613
_eFAO2
_fc.3
_h29496
_i49480
_si
949 _a338.1771 F36
_bBC
_cFAO
_d-111615
_eFAO2
_fc.4
_h29497
_i49480
_si
949 _a338.1771 F36
_bBC
_cFAO
_d-111617
_eFAO2
_fc.5
_h3648
_i49480
_si
999 _c44369
_d44369